Jeux Olympiques 1936 - Pays participants - Statistiques

Statistiques générales
  • Ce quiz a été pris 32 fois
    24 depuis la dernière actualisation
  • Le résultat moyen est 50 sur 60
Réponses sur la Carte
Les réponses sont colorées sur une échelle allant du rouge au vert en fonction du pourcentage des utilisateurs qui les ont devinées à leur premier essai. Vous pouvez retrouver ces pourcentages ci-dessous.
 
Statistiques - réponses
Nombre d'athlètes Pays % Correct
348 Allemagne
100%
201 France
100%
51 Argentine
95%
32 Australie
95%
73 Brésil
95%
96 Canada
95%
40 Chili
95%
05 Colombie
95%
310 Etats-Unis
95%
107 Finlande
95%
27 Inde
95%
Inde
95%
Inde
95%
Inde
95%
182 Italie
95%
34 Mexique
95%
72 Norvège
95%
40 Pérou
95%
112 Pologne
95%
207 Royaume-Uni
95%
150 Suède
95%
176 Autriche
91%
120 Belgique
91%
54 Chine
91%
Chine
91%
153 Japon
91%
19 Portugal
91%
174 Suisse
91%
01 Bolivie
86%
116 Danemark
86%
40 Grèce
86%
128 Pays-Bas
86%
53 Roumanie
86%
24 Bulgarie
82%
12 Islande
82%
162 Tchécoslovaquie
82%
Tchécoslovaquie
82%
48 Turquie
82%
209 Hongrie
77%
07 Nouvelle-Zélande
77%
37 Uruguay
77%
90 Yougoslavie
77%
Yougoslavie
77%
Yougoslavie
77%
Yougoslavie
77%
Yougoslavie
77%
Yougoslavie
77%
Yougoslavie
77%
54 Egypte
73%
44 Luxembourg
73%
25 Afrique du Sud
68%
Afrique du Sud
68%
33 Estonie
68%
24 Lettonie
68%
06 Liechtenstein
55%
11 Malte
50%
06 Monaco
50%
01 Costa Rica
45%
14 Afghanistan
36%
28 Philippines
32%
Aucun quiz correspondant
Distribution des résultats
% des personnes avec chaque résultat
Percentile par nombre de réponses
Votre historique - résultats
Vous n’avez pas pris ce quiz depuis la dernière actualisation